000 01293nam a2200349 a 4500
001 000004150
003 000004150
005 20211227101231.0
008 090717s2008 dr ac 001 0 spa d
020 _a9789945001174
040 _aBPMSU
_bspa
_cBPMSU
082 _a361.61
_bB171e 2008
_222
245 0 0 _aJoaquín Balaguer :
_bel estadista de la construcción y el urbanismo /
_cedición a cargo de Cándido Gerón.
260 _aSanto Domingo :
_bFundación Joaquín Balaguer,
_c2008.
300 _a435 p. :
_bil., retrs. ;
_c29 p.
500 _aIncluye índice onomástico
600 1 4 _aBalaguer, Joaquín
_d1906-2002
_92
650 4 _aConstrucción de viviendas
_zRepública Dominicana
650 4 _aUrbanismo
_zRepública Dominicana
_xHistoria
650 4 _aViviendas
_zRepública Dominicana
650 4 _aCiudades y pueblos
_zRepública Dominicana
_xEstadística
651 4 _aRepública Dominicana
_xPolítica social
651 4 _aRepública Dominicana
_xPresidente (1966-1976 : Balaguer )
700 1 _aGerón, Cándido,
_eed.
_d
710 2 _aFundación Joaquín Balaguer (República Dominicana)
910 _aVMateo V.
942 _2ddc
_cBK
956 _a
_b
_c
_l
_h
956 _a
_b
_c
_l
_h
956 _a
_b
_c
_l
_h
956 _a
_b
_c
_l
_h
999 _c7152
_d7152